Alle Städte von Culcha Candela - Berlin City Girl - Statistiken

Allgemein
  • Dieses Quiz wurde 54 mal gespielt
  • Das Durchschnittsergebnis liegt bei 14 aus 17
Antwortstatistiken
% Korrekt
Düsseldorf
98%
Hamburg
98%
Köln
98%
Berlin
96%
Dresden
96%
München
96%
Frankfurt
92%
Hannover
92%
Leipzig
92%
Stuttgart
92%
Bremen
90%
Dortmund
86%
Nürnberg
84%
Essen
73%
Bochum
55%
Duisburg
55%
Wuppertal
45%
Keine übereinstimmenden Quizze gefunden
Verteilung der Resultate
Anzahl Personen mit jedem Resultat
Perzentil nach korrekt beantworteten Fragen
Ihre Resultats-Entwicklung
Sie haben dieses Quiz noch nicht gespielt